LEADER 01174nam a2200289 u 4500 001 000000057099 003 CaOOAMICUS 005 20070226120539.0 008 010427s1976 ph u000 u eng u 035 $a10886713 040 $aPUL(R)$bita 100 1 $aElesterio, Fernando G.$0(OLS)http://pul/name/39959 245 14$aThe iglesia ni Kristo :$bits christology and ecclesiology /$cby Fernando G. Elesterio. 260 $aManila :$bLoyola School of Theology,$cc1976. 300 $a217 p. ;$c23 cm 490 1 $aCardinal Bea Studies ;$v5 504 $aBibliografia: p. [199]-217. 650 4$aCristologia.$0(OLS)http://pul/subject/1402 830 0$aCardinal Bea Studies ;$v5.$0(OLS)http://pul/title/76422 850 $aPUL 852 $aPUL$W1$xSL Religione 1$y3$m62 E 30$j74765$nBK-PRI$b $qStampati$B74765$CPULBib$Z2$F74765 $H $81 941 1 $a8 960 $aIesus Christus$91402 960 $aIesus Christus$91402 961 $aINV: 61397 996 $6245$aThe iglesia ni Kristo :$bits christology and ecclesiology$9(OLS)http://pul/title/76421 996 $6260$aManila :$bLoyola School of Theology$9(OLS)http://pul/publisher/69374 LEADER 01109nam a2200253 u 4500 001 000000086600 003 CaOOAMICUS 005 20070226124321.0 008 051003q1910 it u000 u ita u 035 $a11061174 040 $aPUL(R)$bita 245 03$aLa leggenda di Dante :$bmotti, facezie e tradizioni dei secoli XIV-XIX /$ccon introduzione di G. Papini9. 260 $aLanciano :$bR. Carabba,$c[1910] 300 $a128 p. ;$c20 cm 490 1 $aScrittori nostri ;$v12 600 04$aDante Alighieri,$d1265-1321.$0(OLS)http://pul/subject/5299 700 1 $aPapini, Giovanni,$d1881-1956.$0(OLS)http://pul/name/5962 830 0$aScrittori nostri ;$v12.$0(OLS)http://pul/title/13306 850 $aPUL 852 $aPUL$W1$xDP1 Fondo Cecchetti$y53$m295 H 29$j109943$nBK-PRI$b $qFondi$B109943$CPULBib$Z2$F109943 $HPUL4164 $81 941 1 $a1 960 $aAlighieri, Dante,$d1265-1321$95299 996 $6245$aLa leggenda di Dante :$bmotti, facezie e tradizioni dei secoli XIV-XIX$9(OLS)http://pul/title/112175 996 $6260$aLanciano :$bR. Carabba$9(OLS)http://pul/publisher/50669